000 00874nam a22003130a 4500
001 PT49716
003 AR-LpoUNG
005 20210131231317.0
008 191001s2005||||mx |||||||||||||||||spa d
020 _a9789702212171
_c$5
040 _aAR-LpoUNG
_bspa
_cAR-LpoUNG
_eaacr
041 _aspa
_afre
044 _amx
082 0 _aR443 332dic
245 1 0 _aDiccionario pocket :
_bespañol francés, français espagnol
250 _a4ta. ed., 17ma. reimpr.
260 _aMéxico :
_bLarousse,
_c2005.
300 _axvi, 366 p. :
_bgráfs., tbls.
650 4 _aDICCIONARIOS
650 4 _aLENGUA ESPAÑOLA
650 4 _aLENGUA FRANCESA
650 4 _aMATERIAL DE REFERENCIA
651 4 _aDOCUMENTOS TEORICOS O METODOLOGICOS
653 _aDICCIONARIOS BILINGÜES
653 _aDICCIONARIOS DE FRANCES
710 2 _aLarousse
905 _a49716
942 _cLSALA
999 _c9279
_d9279